Statistieken voor Bijbelboeken quiz

Klik hier om de quiz te nemen!

Algemene statistieken

  • Deze quiz is 118 keer genomen
  • De gemiddelde score is 32 van 66

Antwoordstatistieken

Antwoord% Correct
Exodus
100%
Genesis
97%
Johannes
89%
Psalmen
84%
Marcus
79%
Leviticus
76%
Job
74%
Lucas
71%
Matteüs
68%
Romeinen
66%
Spreuken
66%
1 Koningen
63%
1 Kronieken
63%
1 Samuël
63%
2 Koningen
63%
2 Kronieken
63%
2 Samuël
63%
Ruth
63%
Rechters
61%
Daniël
58%
Deuteronomium
58%
Hooglied
58%
Jesaja
58%
Jozua
58%
Openbaring
55%
Jeremia
53%
Numeri
53%
Handelingen
50%
Nehemia
50%
Ester
47%
Ezra
47%
Habakuk
47%
Prediker
47%
Judas
45%
Klaagliederen
45%
1 Johannes
42%
1 Petrus
42%
2 Johannes
42%
2 Petrus
42%
3 Johannes
42%
Amos
42%
Jona
39%
Ezechiël
37%
Galaten
37%
Hosea
37%
Micha
37%
Obadja
37%
Zacharia
37%
Filippenzen
34%
Hebreeën
34%
Maleachi
34%
Nahum
32%
Kolossenzen
29%
Titus
29%
1 Korintiërs
26%
2 Korintiërs
26%
Efeziërs
26%
Joël
26%
1 Tessalonicenzen
24%
1 Timoteüs
24%
2 Tessalonicenzen
24%
2 Timoteüs
24%
Filemon
24%
Jakobus
24%
Sefanja
24%
Haggai
18%

Scoreverdeling

Percentiel versus Aantal Correcte Antwoorden

Procent van Mensen met Elke Score

Uw Scoregeschiedenis

U heeft deze quiz nog niet genomen